ბათუმის შოთა რუსთაველის სახელმწიფო უნივერსიტეტის ბიბლიოთეკა

Вредители и болезни цветочных и оранжерейных растении (ბიბ.ჩანაწერი № 46400)

000 -LEADER
fixed length control field 00730nam a2200217Ia 4500
001 - CONTROL NUMBER
control field 13236
003 - CONTROL NUMBER IDENTIFIER
control field GE_BSU
008 - FIXED-LENGTH DATA ELEMENTS--GENERAL INFORMATION
fixed length control field 181216s||||||||xx |||||||||||||| ||und||
040 ## - CATALOGING SOURCE
Transcribing agency GE_BSU
080 ## - UNIVERSAL DECIMAL CLASSIFICATION NUMBER
Universal Decimal Classification number 632
100 ## - MAIN ENTRY--PERSONAL NAME
Personal name Белосельская,З.Г.
245 ## - TITLE STATEMENT
Title Вредители и болезни цветочных и оранжерейных растении
245 ## - TITLE STATEMENT
Statement of responsibility, etc. Ред.Л.С.Зимин,Осмоловский Г.Е
260 ## - PUBLICATION, DISTRIBUTION, ETC.
Place of publication, distribution, etc. Москва
260 ## - PUBLICATION, DISTRIBUTION, ETC.
Name of publisher, distributor, etc. Сельхозгиз
260 ## - PUBLICATION, DISTRIBUTION, ETC.
Date of publication, distribution, etc. 1953
300 ## - PHYSICAL DESCRIPTION
Extent 207стр.20см.илл.
300 ## - PHYSICAL DESCRIPTION
Dimensions Библиогр.с.201-202
653 ## - INDEX TERM--UNCONTROLLED
Uncontrolled term Вредители и болезни цветочных и оранжерейных растении
942 ## - ADDED ENTRY ELEMENTS (KOHA)
Koha item type წიგნი
ეგზემპლარები
Withdrawn status Lost status Damaged status Not for loan Date acquired Barcode Date last seen Price effective from Koha item type
        2018-12-17 20820 2018-12-17 2018-12-17 წიგნი